000 00685nam a2200205Ia 4500
005 20230701101219.0
008 131103s9999 xx 000 0 und d
040 _aLoreto College
041 _aEnglish
082 _a943
_bPAS
100 _aPassant,E.J.
245 2 _aA short history of Germany
_b 1815 - 1945
_cE.J.Passant; economic sections by W.O.Henderson; with contribution by C.J.Child and D.C.Watt
260 _aCambridge
_bUniversity Press
_c1962 (1966 printing)
300 _aviii,256 p.
_b ill.,maps
504 _aIncludes bibliographical references and index
650 _aGermany - History,1815 -1945
700 _aHenderson, W.O.
850 _aLCLIB
942 _cBK
999 _c8373
_d58852